Latin American economic outlook 2009

Salvato in:
Dettagli Bibliografici
Natura: Libro
Lingua:inglese
Pubblicazione: Paris OECD 2008
Soggetti:
Tags: Aggiungi Tag
Nessun Tag, puoi essere il primo ad aggiungerne!!

MARC

LEADER 00000nam$a2200000$$$4500
001 0098837
005 20240315120852.9
020 |a 978-92-64-03917-9 
041 0 |a eng 
044 |a FR 
245 1 0 |a Latin American economic outlook 2009 
264 1 |a Paris  |b OECD  |c 2008 
300 |a 200 s. 
610 2 0 |a politika hospodárska 
610 2 0 |a situácia hospodárska 
610 2 0 |a vývoj hospodársky 
610 2 0 |a politika fiškálna 
610 2 0 |a dlhy verejné 
610 2 0 |a trh kapitálový 
610 2 0 |a príjmy 
610 2 0 |a výdavky verejné 
610 2 0 |a vzdelávanie 
610 2 0 |a Latinská Amerika